Χώρες με σημεία του ορίζοντα στο όνομά τους - Statistics

General Stats
  • This quiz has been taken 292 times
  • The average score is 5 of 6
Answer Stats
Χώρες % Correct
Νότια Κορέα
96%
Βόρεια Κορέα
95%
Νότια Αφρική
80%
Νότιο Σουδάν
70%
Ανατολικό Τιμόρ
66%
Βόρεια Μακεδονία
61%
No matching quizzes found
Score Distribution
Percent of People with Each Score
Percentile by Number Answered
Your Score History
You have not taken this quiz